Does Unemployment Lead to the Breakdown of a Marriage? Evidence from the Slovak Republic

Skúmanie súvislosti medzi mierou nezamestnanosti a hrubou mierou rozvodovosti v Slovenskej republike. Výsledky regresnej analýzy ukazujú, že nárast miery nezamestnanosti je sprevádzaný poklesom rozvodovosti. Vyššia účasť žien na trhu práce a zvýšená rozvodovosť.

Na minha lista:
Detalhes bibliográficos
Autor principal: Harman, Jakub, 1996-
Formato: Capítulo de Livro
Idioma:inglês
Assuntos:
Tags: Adicionar Tag
Sem tags, seja o primeiro a adicionar uma tag!

MARC

LEADER 00000naa a2200000 4500
001 0281523
005 20240502083905.6
041 0 |a eng 
044 |a RO 
245 1 0 |a Does Unemployment Lead to the Breakdown of a Marriage? Evidence from the Slovak Republic  |c Jakub Harman 
520 |a Skúmanie súvislosti medzi mierou nezamestnanosti a hrubou mierou rozvodovosti v Slovenskej republike. Výsledky regresnej analýzy ukazujú, že nárast miery nezamestnanosti je sprevádzaný poklesom rozvodovosti. Vyššia účasť žien na trhu práce a zvýšená rozvodovosť. 
610 2 0 |a nezamestnanosť 
610 2 0 |a rozvodovosť 
610 2 0 |a analýza regresná 
610 2 0 |a motivácia 
610 2 0 |a trh práce 
610 2 0 |a Slovensko 
100 1 |a Harman, Jakub, 1996-